Through thick and thin F.R.E.A.K.S. vol 1

Uloženo v:
Podrobná bibliografie
Hlavní autor: Barisone, Daniela
Další autoři: Vernet, Juls SK
Médium: Kniha
Jazyk:angličtina
Vydáno: Torrazza PIemonte Lux Lab 2023
Tagy: Přidat tag
Žádné tagy, Buďte první, kdo vytvoří štítek k tomuto záznamu!

MARC

LEADER 00000nam a2200000 4500
003 vda
005 20250812112911.0
008 250812b |||||||| |||| 00| 0 eng d
020 |a 9791281525122 
040 |c Arcigay Queer VdA 
100 |a Barisone, Daniela 
245 |a Through thick and thin  |b F.R.E.A.K.S. vol 1 
260 |a Torrazza PIemonte  |b Lux Lab  |c 2023 
500 |a In un mondo in cui le creature del folklore e della fantasia, i Fantastici, sono reali ed esistono fianco a fianco degli umani, la convivenza non è sempre facile. Il F.R.E.A.K.S. è un’agenzia internazionale che si occupa di mantenere la pace tra le due specie, a qualsiasi costo. Steven Carter, nato da padre umano e madre Fantastica, è un fixer per conto del F.R.E.A.K.S., un esperto nel campo delle pubbliche relazioni chiamata a risolvere potenziali crisi di immagine prima che queste possano diventare di pubblico dominio. Steven è bravo in quello che fa, alcuni (incluso lui stesso) lo considerano il migliore nel suo campo. Ma quando si ritrova tra le mani l’omicidio di un umano da parte di una banda di orchi e il furto di alcuni artefatti Fantastici, realizza che nulla, nei suoi anni di esperienza, l’aveva preparato a qualcosa di simile. Un’indagine che lo porterà nella Russia comunista, oltre la cortina di ferro, ad affrontare avversari sempre più spietati e formidabili. Una corsa contro il tempo alla ricerca di un mandante misterioso, la mano invisibile che rischia di distruggere per sempre ogni possibilità di convivenza pacifica tra umani e Fantastici. E, in tutto questo, c'è anche l'uomo che gli piace: Tony Donovan. Genere: narrativa LGBT, urban fantasy, action story 
700 |a Vernet, Juls SK 
942 |2 ddc  |c BK  |n 0 
952 |0 0  |1 0  |2 ddc  |4 0  |6 853_914000000000000_BAR_THR  |7 0  |9 9524  |a AO  |b AO  |d 2025-08-12  |l 0  |o 853.914 BAR THR  |p 11557  |r 2025-08-12 11:29:45  |w 2025-08-12  |x Donato dal collettivo Lux Lab  |y BK 
999 |c 7937  |d 7937